header

Managing university intellectual property in the public interest (Record no. 227232)

MARC details
000 -LEADER
fixed length control field 02230nam a2200409 a 4500
245 10 - TITLE STATEMENT
Title Managing university intellectual property in the public interest
260 ## - PUBLICATION, DISTRIBUTION, ETC. (IMPRINT)
Place of publication Washington, D.C. :
Name of publisher National Academies Press,
Year of publication 2011.
300 ## - PHYSICAL DESCRIPTION
Number of Pages xv, 102 p. :
Other physical details ill. (some col.)
500 ## - GENERAL NOTE
General note "Committee on Management of University Intellectual Property: Lessons from a Generation of Experience, Research, and Dialogue; Board on Science, Technology, and Economic Policy; Committee on Science, Technology, and Law; Policy and Global Affairs."
650 #0 - SUBJECT ADDED ENTRY--TOPICAL TERM
Topical Term Technology transfer
Topical Term Intellectual property
Topical Term Intellectual property infringement
Topical Term Universities and colleges
700 1# - ADDED ENTRY--PERSONAL NAME
Personal name Merrill, Stephen A.
Personal name Mazza, Anne-Marie.
856 40 - ELECTRONIC LOCATION AND ACCESS
Uniform Resource Identifier http://site.ebrary.com/lib/rucke/Doc?id=10454974

No items available.

© 2026 Rongo University
Contact us: librarian | system librarian | Rongo university